Tour de France 2025 - Top 30 au classement par points - Statistiques

Statistiques générales
  • Ce quiz a été pris 69 fois
  • Le résultat moyen est 20 sur 30
Statistiques - réponses
# Coreur Équipe Points % Correct
4 Jonas Vingegaard Team Visma | Lease a bike 182
98%
2 Tadej Pogacar UAE Team Emirates XRG 294
98%
1 Jonathan Milan Lidl-Trek 372
97%
3 Biniam Girmay Intermarché-Wanty 232
93%
16 Florian Lipowitz Red Bull - Bora-Hansgrohe 94
88%
7 Tim Merlier Soudal Quick-Step 156
88%
8 Wout van Aert Team Visma | Lease a bike 138
86%
14 Ben Healy EF Education-EasyPost 97
85%
6 Jonas Abrahamsen Uno-X Mobility 173
83%
17 Kevin Vauquelin Arkéa-B&B Hotels 83
83%
12 Oscar Onley Team Picnic PostNL 115
83%
20 Julian Alaphilippe Tudor Pro Cycling Team 74
80%
15 Tim Wellens UAE Team Emirates XRG 96
80%
5 Anthony Turgis TotalEnergies 182
78%
9 Kaden Groves Alpecin-Deceuninck 127
78%
18 Thymen Arensman INEOS Grenadiers 82
76%
11 Arnaud De Lie Lotto 122
75%
25 Felix Gall Decathlon AG2R La Mondiale 65
71%
13 Matteo Jorgenson Team Visma | Lease a bike 103
71%
28 Tobias Johannessen Uno-X Mobility 59
69%
10 Quinn Simmons Lidl-Trek 123
58%
21 Matteo Trentin Tudor Pro Cycling Team 74
51%
22 Romain Grégoire Groupama-FDJ 71
47%
27 Paul Penhoët Groupama-FDJ 61
41%
23 Davide Ballerini XDS Astana Team 68
34%
26 Laurenz Rex Intermarché-Wanty 63
34%
29 Tobias Lund Andresen Team Picnic PostNL 59
31%
19 Simone Velasco XDS Astana Team 79
25%
30 Mauro Schmid Team Jayco AlUla 57
24%
24 Pascal Eenkhoorn Soudal Quick-Step 66
19%
Aucun quiz correspondant
Distribution des résultats
% des personnes avec chaque résultat
Percentile par nombre de réponses
Votre historique - résultats
Vous n’avez pas pris ce quiz